000 00492nam a22001817a 4500
003 OSt
005 20180116183007.0
008 150810b xxu||||| |||| 00| 0 eng d
020 _a9781259097201
040 _c0
082 _27th
_a658.8 MUL 2013
100 _aJohn W. Mullins
245 _aMarketing Management
_bA Strategic Decision-Making Approach
_cJohn W. Mullins
260 _aIndia
_bMcGraw Hill
_c2013
300 _a551 p.
_bPB
440 _aMarketing Management
942 _2ddc
_cBK
999 _c350088
_d350088